000 00483nam a2200193Ia 4500
005 20250423100830.0
008 250422s9999 xx 000 0 und d
020 _a9780138006174
050 _aHD 61 .H83/
100 _aHull, John
245 0 _aRisk management and financial institutions
250 _a2nd ed.
260 _aBoston
260 _bPearson
260 _c2010
300 _a556 p
650 _aRisk management. Financial institutions--Management.
942 _cBK
999 _c34471
_d34471